|
|
|
|
| LEADER |
00000nam a2200000 a 4500 |
| 001 |
vtls008990540 |
| 003 |
SK-MaSNL |
| 005 |
20260301210253.0 |
| 008 |
240314s2007 xo d j o000 0 slo |
| 013 |
|
|
|a 285662
|b xxu
|c patentový spis
|d 20070503
|e dátum nadobudnutia účinkov patentu (Vestník ÚPV SR č.: 5/2007)
|d 20070502
|e dátum sprístupnenia patentu verejnosti
|
| 013 |
|
|
|a 896-2000
|e číslo prihlášky
|d 19981217
|e dátum podania prihlášky
|d 20010710
|e dátum zverejnenia prihlášky (Vestník ÚPV SR č.: 07/2001)
|
| 013 |
|
|
|a 08/997 168
|e číslo prioritnej prihlášky
|d 19971222
|e dátum podania prioritnej prihlášky
|
| 040 |
|
|
|a SNK
|b slo
|c SNK
|e AACR2
|
| 100 |
1 |
|
|a Sangekar, Surendra A.
|4 aut
|9 593537
|
| 245 |
1 |
0 |
|a Farmaceutický prostriedok obsahujúci molekulovú disperziu tricyklickej amidovej zlúčeniny
|
| 260 |
|
|
|a [Banská Bystrica]
|b Úrad priemyselného vlastníctva Slovenskej republiky
|c [2007]
|
| 999 |
|
|
|c 913050
|d 914980
|
| 952 |
|
|
|a SNK
|b SNK
|y PREZ
|7 0
|p 17A0551276
|o snkSK 285662
|i snk2007/12930
|8 0
|0 0
|1 0
|4 0
|d 2007-05-18
|l 0
|r 2026-02-24 07:49:44
|w 2026-02-24
|